000 00934nam a22002657a 4500
999 _c20587
_d20587
005 20191224042358.0
008 191112b xxu||||| |||| 00| 0 spa d
020 _a9789588448398
040 _aCO-BoIAVH
_cCO-BoIAVH
041 _aspa
044 _ack
082 _a639.58
_bR42m
100 _aRico Mejía, Farit
245 _aManual para la pesca artesanal responsable de camarón en Colombia:
_bAdaptación de la red Suripera.
260 _aSanta Marta:
_bINVEMAR,
_c2011.
300 _a24 Páginas:
_bfotografías, ilustraciones y gráficos,
_c28 x 22 cm.
650 0 _aFondos de pesca
_vPlanes de manejo
650 0 _aPesca artesanal
_zColombia
650 0 _aIndicadores de sostenibilidad
650 0 _aMétodos de pesca
700 _aRueda, Mario
710 _aCOLCIENCIAS
710 _aInstituto Colombiano de Desarrollo Rural (INCODER)
942 _2ddc
_cLIBRO